Kpop groupe les plus populaires (girlgroup) - Statistiques

Statistiques générales
  • Ce quiz a été pris 2 458 fois
  • Le résultat moyen est 12 sur 30
Statistiques - réponses
Hint Réponse % Correct
2 Blackpink
99%
6 Twice
91%
9 aespa
82%
28 ITZY
80%
1 NewJeans
79%
8 Le Sserafim
76%
4 Ive
74%
5 (G)I-dle
71%
11 Red Velvet
71%
17 Mamamoo
61%
16 NMIXX
61%
7 Girls' Generation
58%
25 Dreamcatcher
44%
13 STAYC
39%
24 Kep1er
38%
20 LOONA
37%
18 Fromis 9
31%
14 Apink
27%
12 Oh My Girl
22%
10 WJSN
15%
29 EXID
13%
23 Girl's Day
11%
19 April
7%
3 H1-KEY
6%
26 Rocket Punch
6%
27 woo!ah!
6%
30 Alice
5%
15 cignature
5%
22 Ladies' Code
3%
21 BlingBling
2%
Aucun quiz correspondant
Distribution des résultats
% des personnes avec chaque résultat
Percentile par nombre de réponses
Votre historique - résultats
Vous n’avez pas pris ce quiz